000 00233nam a2200097Ia 4500
008 240331s9999 xx 000 0 und d
082 _bMUT
100 _aMuthumeeran, S
245 0 _aKilakkilangai muslimgalin nattar padalkal
942 _cL
999 _c3734
_d3734